Linkin Park- Meteora - Statistiques

Statistiques générales
  • Ce quiz a été pris 154 fois
  • Le résultat moyen est 8 sur 13
Statistiques - réponses
Hint Réponse % Correct
13 Numb
94%
08 Faint
75%
03 Somewhere I Belong
66%
09 Breaking the Habit
65%
07 Figure.09
62%
02 Don't Stay
61%
04 Lying from You
60%
12 Session
54%
05 Hit the Floor
53%
10 From the Inside
50%
06 Easier to Run
46%
01 Foreword
41%
11 Nobody's Listening
41%
Aucun quiz correspondant
Distribution des résultats
% des personnes avec chaque résultat
Percentile par nombre de réponses
Votre historique - résultats
Vous n’avez pas pris ce quiz